El hombre y la biología de zonas áridas
Gardado en:
| Autor Principal: | |
|---|---|
| Formato: | Libro |
| Idioma: | Lingua castelá |
| Publicado: |
Barcelona
Blume
1979
|
| Series: | Blume Ediciones, 2
|
| Subjects: | |
| Tags: |
Engadir etiqueta
Sen Etiquetas, Sexa o primeiro en etiquetar este rexistro!
|
MARC
| LEADER | 00000nam a2200000 a 4500 | ||
|---|---|---|---|
| 001 | UCU2221 | ||
| 003 | CL-VaPUC | ||
| 008 | 960419e19790000SP |||||||||||||||||spa|d | ||
| 082 | 0 | 4 | |a 577.54 |b CLO |2 21 |
| 100 | 0 | |a Cloudsley-Thompson, John L |e author |9 358249 | |
| 245 | 1 | 3 | |a El hombre y la biología de zonas áridas |
| 300 | |a 255 p | ||
| 942 | |c BK | ||
| 945 | |d 19960419 00:00:00 |a rleighto | ||
| 260 | |a Barcelona |b Blume |c 1979 | ||
| 650 | 0 | |a Biología |9 262022 | |
| 650 | 0 | |a Ecología |9 258124 | |
| 650 | 0 | |a Zonas áridas |9 358250 | |
| 650 | 0 | |a Clima |9 265281 | |
| 650 | 0 | |a Suelos |9 260322 | |
| 650 | 7 | |a DESIERTOS |2 CL-VaPUC |9 357427 | |
| 650 | 0 | |a Animales |9 269820 | |
| 650 | 7 | |a MAMIFEROS |2 CL-VaPUC |9 266111 | |
| 650 | 0 | |a Vegetación |9 264748 | |
| 650 | 0 | |a Ecosistemas |9 261477 | |
| 583 | |a last modification |c 19960419 00:00:00 |k Rodrigo Vera | ||
| 490 | 0 | |a Blume Ediciones, 2 | |
| 999 | |c 246590 |d 246588 | ||
| 952 | |0 0 |1 0 |4 0 |6 577_540000000000000_CLO_1979 |7 0 |8 A |9 261697 |a BIBCUR |b BIBCUR |d 2019-11-19 |i 319373K |o 577.54 CLO 1979 |p 319373K |r 2025-04-22 |w 2019-11-19 |y BK |k BCB | ||
| 952 | |0 0 |1 0 |4 0 |6 577_540000000000000_CLO_1979 |7 0 |8 A |9 261698 |a BIBING |b BIBING |d 2019-11-19 |i 165943K |o 577.54 CLO 1979 |p 165943K |r 2025-01-20 |w 2019-11-19 |y BK |k GEO | ||